[Event "Challenge"]
[Site "http://www.queenalice.com/game.php?id=787082"]
[Date "2010.6.8"]
[Round "-"]
[White "Mestre16"]
[Black "claudius46"]
[Result "0-1"]
[WhiteElo "1180"]
[BlackElo "1346"]

1. Nf3 Nc6 2. c3 d5 3. Qa4 Bd7 4. d4 Ne5 5. Qa5 c6 6. Qc5 e6 7. Bg5 f6 8. Nxe5
Bxc5 9. dxc5 fxg5 10. e3 Nh6 11. Bd3 Qf6 12. f4 gxf4 13. exf4 Qh4+ 14. g3 Qh3
15. Nd2 Qg2 16. Rf1 Qxh2 17. Ndf3 Qxg3+ 18. Rf2 Ng4 19. Kd2 Qxf2+ 20. Be2 Qg3
21. Rg1 Qf2 22. Rxg4 Rg8 23. Nd3 Qxe2+ 24. Kxe2 O-O-O 25. Nde5 Be8 26. Rh4 Rh8
27. a4 g6 28. Rh6 Rf8 29. Ke3 Rg8 30. b4 a6 31. Ng5 Rh8 32. Nxe6 Bd7 33. Nd4
Rde8 34. Rh4 h5 35. b5 g5 36. fxg5 a5 37. g6 Rxe5+ 38. Kf4 Re4+ 39. Kf3 Rxh4 40.
Kg3 Rg4+ 41. Kf3 Rxg6 42. bxc6 bxc6 43. c4 Re8 44. cxd5 cxd5 45. c6 Rf6+ 46. Kg3
Rg8+ 47. Kh4 Rf4+ 48. Kxh5 Rxd4 49. cxd7+ Kxd7 50. Kh6 Rh4# 0-1

[Event "Challenge"]
[Site "http://www.queenalice.com/game.php?id=793344"]
[Date "2010.6.22"]
[Round "-"]
[White "Vanessahermosa"]
[Black "Mestre16"]
[Result "0-1"]
[WhiteElo "1387"]
[BlackElo "1222"]

1. e4 Nf6 2. d3 h6 3. Nh3 d6 4. Nf4 e6 5. Nh5 e5 6. Nc3 c6 7. Be2 Nbd7 8. O-O d5
9. exd5 cxd5 10. Nxf6+ gxf6 11. Nxd5 Bc5 12. Re1 f5 13. Bh5 Rg8 14. d4 Bxd4 15.
Qxd4 Kf8 16. Bxh6+ Ke8 17. Qc4 Rh8 18. Bg5 Qxg5 19. Nc7+ Ke7 20. Nxa8 Rg8 21.
Qb4+ Kf6 22. Qd6+ Kg7 23. Bf3 Rh8 24. Qc7 e4 25. Be2 Qh6 26. h3 Nf6 27. Qc5 Qg6
28. f4 Rxh3 29. Kf1 Qg3 30. Qf2 Rh1+ 31. Qg1 Rh8 32. Bd1 Rd8 33. Qf2 Qg6 34. Re3
b6 35. Nc7 Ng4 36. Qe2 Qd6 37. Rc3 Qxf4+ 38. Ke1 Rh8 39. Qf1 Rh1 40. Rf3 exf3
41. gxf3 Qe3+ 42. Be2 Rh2 43. fxg4 fxg4 44. Nd5 Qg3+ 45. Kd2 Ba6 46. Qf6+ Kh7
47. Qxf7+ Kh6 48. Nc3 Qd6+ 49. Ke1 Rh1+ 50. Bf1 Rxf1+ 51. Qxf1 Bxf1 52. Kxf1 g3
53. Ne4 g2+ 54. Kxg2 Qf4 55. Ng3 a5 56. Ne2 Qd2 57. Kf2 a4 58. a3 b5 59. c3 Qxb2
0-1

[Event "Thundercats Hooooo"]
[Site "http://www.queenalice.com/game.php?id=793454"]
[Date "2010.6.22"]
[Round "-"]
[White "Mestre16"]
[Black "Diogolopes"]
[Result "0-1"]
[WhiteElo "1317"]
[BlackElo "1022"]

1. e3 d5 2. c3 h5 3. h3 e5 4. b4 b5 5. a4 bxa4 6. Bb5+ Bd7 7. Bd3 Qg5 8. Nf3
Qxg2 9. Rg1 Qxh3 10. Rg5 Bg4 11. Bb5+ c6 12. Rxe5+ Ne7 13. Be2 Qh1+ 14. Bf1 Bxf3
15. Qxa4 Bg2 16. Ke2 Bxf1+ 17. Kd1 Bd3# 0-1

[Event "Challenge"]
[Site "http://www.queenalice.com/game.php?id=795660"]
[Date "2010.6.27"]
[Round "-"]
[White "Legiao"]
[Black "Mestre16"]
[Result "0-1"]
[WhiteElo "1120"]
[BlackElo "1302"]

1. e4 Nf6 2. Qf3 c6 3. Nh3 h5 4. Qb3 Rh6 5. Ng5 e6 6. f4 Na6 7. f5 e5 8. Nxf7
Qe7 9. Nxh6 gxh6 10. h3 d5 11. exd5 cxd5 12. Bb5+ Kf7 13. g4 e4 14. gxh5 Bxf5
15. Rg1 Qe5 16. Nc3 Nc7 17. d3 exd3+ 18. Kd1 Bc5 19. Rg2 Bxh3 20. Rf2 Bxf2 0-1

[Event "Mestre16"]
[Site "http://www.queenalice.com/game.php?id=796940"]
[Date "2010.6.30"]
[Round "-"]
[White "foda"]
[Black "Mestre16"]
[Result "1-0"]
[WhiteElo "1436"]
[BlackElo "1256"]

1. Nf3 Nc6 2. d4 h6 3. d5 Nb4 4. e4 d6 5. a3 c5 6. axb4 cxb4 7. e5 g5 8. Bb5+
Bd7 9. Bxd7+ Qxd7 10. O-O Rc8 11. Rxa7 e6 12. Re1 g4 13. dxe6 fxe6 14. exd6 Nf6
15. Be3 gxf3 16. Qxf3 Bg7 17. Rxb7 Qa4 18. Rxg7 Qa1 19. Qxf6 Rxc2 20. Qe7# 1-0

[Event "Challenge"]
[Site "http://www.queenalice.com/game.php?id=798129"]
[Date "2010.7.3"]
[Round "-"]
[White "rodriw02"]
[Black "Mestre16"]
[Result "1-0"]
[WhiteElo "1468"]
[BlackElo "1236"]

1. e4 Nf6 2. Nc3 c6 3. Bc4 b5 4. Bb3 Qa5 5. e5 b4 6. Na4 Ba6 7. d3 g6 8. exf6
Qe5+ 9. Ne2 exf6 10. O-O Bd6 11. g3 g5 12. d4 Qe4 13. Re1 O-O 14. Nf4 Qf5 15.
Nh5 Bb7 16. Qe2 c5 17. Qb5 Bf3 18. d5 Qh3 19. Qf1 Qxh5 20. Bc4 g4 21. Be2 Bxd5
22. Rd1 Re8 23. Bd3 Re5 24. f4 c4 25. fxe5 Bc5+ 26. Nxc5 Qxe5 27. Re1 Qd6 28.
Qf5 Qxc5+ 29. Be3 Qc6 30. Qxh7+ Kf8 31. Bh6# 1-0

[Event "Challenge"]
[Site "http://www.queenalice.com/game.php?id=799777"]
[Date "2010.7.6"]
[Round "-"]
[White "Mestre16"]
[Black "Vanessahermosa"]
[Result "1-0"]
[WhiteElo "1266"]
[BlackElo "1375"]

1. d4 e6 2. Nf3 Nf6 3. h4 Ng4 4. g3 Qe7 5. Bh3 Nh6 6. Bg5 f6 7. Bd2 d5 8. c4
dxc4 9. Qa4+ c6 10. b4 Kf7 11. a3 Qd6 12. Nc3 Be7 13. g4 Bd7 14. g5 c5 15. Qc2
Ng8 16. bxc5 Qxc5 17. dxc5 Bxc5 18. Rg1 f5 19. Bf4 Nc6 20. Qa4 g6 21. Rd1 Be8
22. Qxc4 b6 23. e4 h5 24. exf5 gxf5 25. Bxf5 Bd7 26. Rxd7+ Ke8 27. Bxe6 Na5 28.
Qb5 Be7 29. Nd5 a6 30. Rxe7+ Kf8 31. Rf7# 1-0

[Event "Challenge"]
[Site "http://www.queenalice.com/game.php?id=806976"]
[Date "2010.7.22"]
[Round "-"]
[White "CapivaraN1"]
[Black "Mestre16"]
[Result "0-1"]
[WhiteElo "1352"]
[BlackElo "1244"]

1. c4 e5 2. Nc3 c6 3. Nf3 Bd6 4. g3 f5 5. d3 Na6 6. Bg5 Qa5 7. Bg2 h6 8. Bd2 Qc5
9. O-O Nf6 10. e3 Qa5 11. Ne4 Qc7 12. Nxd6+ Qxd6 13. Bc3 Ng4 14. h3 Nf6 15. Bxe5
Qe6 16. Bc3 g5 17. b4 d6 18. Qb3 Rh7 19. Nd4 Qd7 20. Nxc6 bxc6 21. Bxf6 Rb8 22.
Bc3 Re7 23. c5 d5 0-1

[Event "Challenge"]
[Site "http://www.queenalice.com/game.php?id=812855"]
[Date "2010.8.3"]
[Round "-"]
[White "Petrucio"]
[Black "Mestre16"]
[Result "1-0"]
[WhiteElo "1377"]
[BlackElo "1273"]

1. e4 Nf6 2. e5 Ne4 3. Qe2 f5 4. Qh5+ g6 5. Qh3 Nc6 6. f3 Ng5 7. Qh4 e6 8. f4
Ne4 9. Qh3 Bc5 10. d3 Bf2+ 11. Ke2 Nd4+ 12. Kd1 Qh4 13. Nf3 Qh5 14. dxe4 fxe4
15. Kd2 Qf5 16. Kc3 Qf8 17. Nxd4 Qc5+ 18. Bc4 Bxd4+ 19. Kb3 b5 20. Be2 Qd5+ 21.
Ka3 Bc5+ 22. b4 Bf8 23. Nc3 a5 24. Nxd5 axb4+ 25. Kb3 Bc5 26. Nxc7+ Kd8 27. Nxa8
d5 28. Bg4 Bb7 29. Qh4+ g5 30. Qxg5+ Be7 31. Qg7 Re8 32. Nb6 Kc7 33. Be3 d4 34.
Bxd4 Bd5+ 35. Kb2 e3 36. Rhe1 Rg8 37. Qxe7+ Kc6 38. Bxe6 Rxg2 39. Bxd5# 1-0

[Event "The trial of the dead"]
[Site "http://www.queenalice.com/game.php?id=817934"]
[Date "2010.8.13"]
[Round "-"]
[White "Diogolopes"]
[Black "Mestre16"]
[Result "1-0"]
[WhiteElo "1125"]
[BlackElo "1242"]

1. e4 c6 2. Bc4 Nf6 3. d3 b5 4. e5 Nd5 5. Bxd5 cxd5 6. Nc3 e6 7. Nxb5 Qa5+ 8.
Nc3 d4 9. Qf3 d5 10. Ne2 Nc6 11. O-O h5 12. Ne4 Nxe5 13. Qf4 f6 14. Nxd4 g5 15.
Qxf6 Rh6 16. Qxe5 Ba6 17. Nf6+ Kd8 18. Qxe6 Kc7 19. Bxg5 Rg6 20. Qf7+ Kd6 21.
Qxg6 Ke5 22. Nc6+ Kd6 23. Nxa5 Kc5 24. Nd7+ Kb5 25. Nc6 h4 26. Bd2 h3 27. a4#
1-0

[Event "Challenge"]
[Site "http://www.queenalice.com/game.php?id=821477"]
[Date "2010.8.22"]
[Round "-"]
[White "Petrucio"]
[Black "Mestre16"]
[Result "0-1"]
[WhiteElo "1408"]
[BlackElo "1214"]

1. a4 a5 2. h4 Nf6 3. b3 Ra6 4. d4 h6 5. d5 e6 6. Qd3 Rd6 7. Qd4 Rxd5 8. Qa7 Nc6
9. Qe3 Nb4 10. Na3 c5 11. Qc3 Ne4 12. Qe3 f5 13. f3 Ng3 14. Rh3 Bd6 15. f4 Ne4
16. g3 Rf8 17. c3 Nc6 18. c4 Rd4 19. Nb5 Qf6 20. Bb2 e5 21. Bxd4 exd4 22. Qf3
Nb4 23. Na7 Kd8 24. Kd1 Re8 25. Rb1 Nc3+ 26. Kc1 Re3 27. Qxb7 Bxb7 28. Rb2 Ne4
29. Rh2 Rc3+ 30. Kb1 h5 31. Nf3 Qe7 32. Bh3 Nf6 33. Ng5 Qe3 34. Nf7+ Ke7 35. Ng5
Rc1# 0-1

[Event "Redenção"]
[Site "http://www.queenalice.com/game.php?id=832322"]
[Date "2010.9.13"]
[Round "-"]
[White "Diogolopes"]
[Black "Mestre16"]
[Result "0-1"]
[WhiteElo "1180"]
[BlackElo "1257"]

1. e4 Nf6 2. Nc3 c6 3. e5 Ne4 4. Nxe4 Qa5 5. f4 d5 6. Ng3 g6 7. f5 h5 8. fxg6
fxg6 9. Bd3 Rh6 10. Bxg6+ Rxg6 11. Qxh5 Kf7 12. Qh7+ Bg7 13. Nf5 Bxf5 14. Qh4
Qa6 15. b3 Nd7 16. Qf4 e6 17. Nf3 Rg4 18. Qe3 Re4 19. d3 Rxe3+ 20. Bxe3 Qa5+ 21.
Nd2 Bxe5 22. O-O Rg8 23. g3 d4 24. Rxf5+ exf5 25. Nc4 Qb4 26. a3 Qc3 27. Rf1
Bxg3 28. Rxf5+ Kg6 29. Rf3 Qe1+ 30. Kg2 dxe3 31. Rxg3+ Kh7 32. Nxe3 Rf8 33. Ng4
Qf1# 0-1

[Event "Challenge"]
[Site "http://www.queenalice.com/game.php?id=837271"]
[Date "2010.9.24"]
[Round "-"]
[White "Petrucio"]
[Black "Mestre16"]
[Result "1-0"]
[WhiteElo "1418"]
[BlackElo "1268"]

1. e4 Nf6 2. d3 h6 3. a4 c6 4. e5 Qa5+ 5. Bd2 Qxe5+ 6. Qe2 d6 7. Qxe5 dxe5 8.
Nc3 Bg4 9. h3 Bh5 10. f3 Na6 11. Ne4 Nd5 12. b4 Rd8 13. Rb1 Rd6 14. Nc5 Nac7 15.
Nxb7 Rg6 16. g4 e4 17. gxh5 Rg3 18. fxe4 Ne3 19. Kf2 Rg5 20. Bxe3 Ne6 21. Bxg5
Nxg5 22. Rb3 e5 23. h4 Ne6 24. Rc3 Nd4 25. Rc5 f6 26. Rc4 Ne6 27. Bh3 Nf4 28.
Rxc6 Be7 29. Bf5 O-O 30. Be6+ Kh8 31. Nh3 Nxh5 32. Bg4 g6 33. Re6 Bxb4 34. Rb1
Bd2 35. Ke2 Bc3 36. Rb3 Bd4 37. c3 1-0

[Event "Challenge"]
[Site "http://www.queenalice.com/game.php?id=850909"]
[Date "2010.10.26"]
[Round "-"]
[White "Petrucio"]
[Black "Mestre16"]
[Result "0-1"]
[WhiteElo "1447"]
[BlackElo "1254"]

1. g3 Nf6 2. Nf3 c6 3. Ng5 d6 4. e4 Qa5 5. c3 Qxg5 6. h4 Qe5 7. Bd3 Bg4 8. f3
Qxg3+ 9. Kf1 a5 10. Rg1 Qh3+ 11. Rg2 Qh1+ 12. Ke2 Qxg2+ 13. Ke3 e5 14. Be2 d5
15. d3 Na6 16. fxg4 Bc5+ 17. Kd2 Rd8 18. Qf1 Qg3 19. Bf3 Qf4+ 20. Kc2 Be3 21.
Qh1 b5 22. Na3 d4 23. c4 Nb4+ 24. Kb3 Bd2 25. g5 a4# 0-1

[Event "O Império Contra Ataca"]
[Site "http://www.queenalice.com/game.php?id=851376"]
[Date "2010.10.27"]
[Round "-"]
[White "Mestre16"]
[Black "Diogolopes"]
[Result "0-1"]
[WhiteElo "1271"]
[BlackElo "1263"]

1. d4 d5 2. Qd3 g6 3. f4 Bf5 4. Qb5+ c6 5. Qa4 b5 6. Qa3 e6 7. b4 a5 8. Nc3 Bxb4
9. Qb3 Na6 10. e4 a4 11. Qb1 Bxc3+ 12. Bd2 Qa5 13. Nf3 dxe4 14. Qd1 e3 15. Bxc3
Qxc3+ 16. Ke2 Nb4 17. Ne1 Bg4+ 18. Nf3 Ne7 19. a3 Nf5 20. Rb1 Nxd4+ 21. Qxd4
Qxd4 22. Rxb4 Qd2# 0-1

[Event "Challenge"]
[Site "http://www.queenalice.com/game.php?id=870384"]
[Date "2010.12.10"]
[Round "-"]
[White "Petrucio"]
[Black "Mestre16"]
[Result "1-0"]
[WhiteElo "1371"]
[BlackElo "1278"]

1. c4 e5 2. Nf3 Nc6 3. d4 e4 4. Ne5 Bb4+ 5. Bd2 a5 6. a3 Bd6 7. Ng4 Ra6 8. d5
Nce7 9. Bg5 f6 10. Be3 h5 11. h3 hxg4 12. h4 Nf5 13. Qd4 Nxd4 14. Bxd4 c5 15.
Be3 Rh5 16. Nc3 a4 17. Nxe4 Qa5+ 18. Kd1 Be5 19. Bd2 Qb6 20. Bc1 d6 21. f3 Bf5
22. Ra2 g3 23. Kd2 Qb3 24. Ra1 Bf4+ 25. e3 Bxe3+ 26. Ke2 b5 27. cxb5 Qxb5+ 28.
Kxe3 Qb3+ 29. Bd3 c4 30. Nd2 Qxd3+ 31. Kf4 Qe2 32. Kxg3 c3 33. bxc3 Bd7 34. Rb1
Ke7 35. Rb8 1-0

[Event "Voo do Dragão"]
[Site "http://www.queenalice.com/game.php?id=873361"]
[Date "2010.12.18"]
[Round "-"]
[White "Mestre16"]
[Black "Diogolopes"]
[Result "0-1"]
[WhiteElo "1251"]
[BlackElo "1319"]

1. Nc3 b6 2. e4 c5 3. a4 e5 4. h4 h5 5. Rh3 f6 6. Nd5 Bb7 7. Rd3 c4 8. Rg3 Ba6
9. Raa3 Bd6 10. Rxg7 b5 11. b4 f5 12. exf5 Qxh4 13. d4 Qe4+ 14. Ne2 Bxb4+ 15.
Nc3 Qxf5 16. d5 Qf6 17. Rg3 h4 18. Re3 Nh6 19. Re4 Bxc3+ 20. Nxc3 bxa4 21. Nxa4
Bb7 22. Bxc4 Rg8 23. Qh5+ Rg6 24. Bxh6 Kd8 25. Rf3 Rxh6 26. Qf7 Qd6 27. Bd3 Bxd5
28. Bc4 Bxf7 29. Bxf7 Qa6 30. g4 h3 31. Rxe5 h2 32. Rc3 d6 33. Re8+ Kd7 34. g5
h1=Q+ 35. Kd2 Rh8 36. Re6 Qxa4 37. Rd3 Qa5+ 38. c3 Qxg5+ 39. f4 Qxf4+ 40. Ree3
Rh2# 0-1

[Event "Challenge"]
[Site "http://www.queenalice.com/game.php?id=873640"]
[Date "2010.12.18"]
[Round "-"]
[White "PRZ"]
[Black "Mestre16"]
[Result "1-0"]
[WhiteElo "1291"]
[BlackElo "1266"]

1. d4 e6 2. e4 a5 3. Nf3 Nc6 4. d5 exd5 5. exd5 Qe7+ 6. Be2 Ne5 7. Nxe5 Qxe5 8.
f4 Qe4 9. Rg1 h5 10. h4 Rh6 11. Nc3 Qe7 12. f5 Rf6 13. g4 Qc5 14. Rf1 Bd6 15.
Ne4 Qb4+ 16. Nd2 Bg3+ 17. Rf2 hxg4 18. Bxg4 b6 19. c3 Qc5 20. Ne4 Qc4 21. Nxg3
Ba6 22. Bf4 Kf8 23. b3 Re8+ 24. Be2 Qxc3+ 25. Kf1 g5 26. Bxg5 Rd6 27. Bxa6 Qxg3
28. Rc1 f6 29. Qh5 Kg7 30. Qg6+ Kf8 31. Bh6+ Nxh6 32. Qxg3 Nxf5 33. Rxf5 Re4 34.
Rxc7 a4 35. Qxd6+ Kg7 36. Rxd7+ Kg6 37. Rxf6+ Kh5 38. Rh6+ Kg4 39. Rg7+ Kf3 40.
Rf6+ Ke3 41. Rg3+ Kd4 42. Qxb6+ Kxd5 43. Qd6# 1-0

[Event "Challenge"]
[Site "http://www.queenalice.com/game.php?id=877417"]
[Date "2010.12.27"]
[Round "-"]
[White "luan07"]
[Black "Mestre16"]
[Result "1-0"]
[WhiteElo "1571"]
[BlackElo "1251"]

1. e4 Nc6 2. d4 Nf6 3. e5 Ne4 4. f3 Ng5 5. Bxg5 h6 6. Be3 e6 7. Bb5 Nb4 8. c4
Qh4+ 9. Bf2 Qf4 10. Ne2 Qf5 11. Na3 Qd3 12. O-O Qg6 13. c5 a5 14. Nf4 Qg5 15.
Bg3 g6 16. Nc2 c6 17. Nxb4 axb4 18. Bd3 h5 19. Nh3 Qe3+ 20. Bf2 Qh6 21. Re1 f5
22. exf6 Rh7 23. Be3 g5 24. Bxg5 Rf7 25. Bxh6 Bxh6 26. Bg6 b6 27. f4 Ba6 28.
Bxf7+ Kxf7 29. Qxh5+ Kxf6 30. Qxh6+ Ke7 31. f5 Kd8 32. fxe6 Kc7 33. exd7 Kxd7
34. Qd6+ Kc8 35. cxb6 Kb7 36. Qc7# 1-0

[Event "Challenge"]
[Site "http://www.queenalice.com/game.php?id=933441"]
[Date "2011.5.3"]
[Round "-"]
[White "alexcesarfe"]
[Black "Mestre16"]
[Result "1-0"]
[WhiteElo "1483"]
[BlackElo "1238"]

1. e4 Nf6 2. d3 h6 3. f4 c6 4. c4 e6 5. e5 Bb4+ 6. Bd2 c5 7. exf6 gxf6 8. Bxb4
cxb4 9. Qg4 Nc6 10. Qg7 Rf8 11. Qxh6 1-0